Financial accounting vol. one 2004 : (Record no. 6701)

MARC details
000 -LEADER
fixed length control field 00588nam a22001937a 4500
003 - CONTROL NUMBER IDENTIFIER
control field OSt
005 - DATE AND TIME OF LATEST TRANSACTION
control field 20251202100740.0
008 - FIXED-LENGTH DATA ELEMENTS--GENERAL INFORMATION
fixed length control field 251202b |||||||| |||| 00| 0 eng d
020 ## - INTERNATIONAL STANDARD BOOK NUMBER
International Standard Book Number 971-8966-41-2
040 ## - CATALOGING SOURCE
Original cataloging agency DWCL-Main lib
Transcribing agency OC
082 ## - DEWEY DECIMAL CLASSIFICATION NUMBER
Classification number Fil. 657.3 V238f 2004
100 ## - MAIN ENTRY--PERSONAL NAME
Personal name Conrado T. Valix
245 ## - TITLE STATEMENT
Title Financial accounting vol. one 2004 :
Remainder of title Based on ASC SFAS and IAS/
Statement of responsibility, etc. Conrado T. Valix
260 ## - PUBLICATION, DISTRIBUTION, ETC.
Place of publication, distribution, etc. Manila :
Name of publisher, distributor, etc. Conanan Educational Supply,
Date of publication, distribution, etc. c 2004
300 ## - PHYSICAL DESCRIPTION
Extent 839 p. :
Dimensions 22 cm.
650 ## - SUBJECT ADDED ENTRY--TOPICAL TERM
Topical term or geographic name entry element Financial accounting
700 ## - ADDED ENTRY--PERSONAL NAME
Personal name Jose F. Peralta
942 ## - ADDED ENTRY ELEMENTS (KOHA)
Source of classification or shelving scheme Dewey Decimal Classification
Koha item type Book-Filipiniana
Call number prefix Fil.
Suppress in OPAC No
952 ## - LOCATION AND ITEM INFORMATION (KOHA)
--
Holdings
Withdrawn status Lost status Source of classification or shelving scheme Damaged status Not for loan Home library Current library Shelving location Date acquired Source of acquisition Cost, normal purchase price Total Checkouts Full call number Barcode Date last seen Copy number Price effective from Koha item type Uniform Resource Identifier
    Dewey Decimal Classification     College Library College Library Filipiniana 12/02/2025 Donation 0.00   Fil. 657.3 V238f 2004 CL44596 12/02/2025 c1 12/02/2025 BK - FIL